📖 150 premiers mots "La cerise sur le gâteau" Valognes - Statistiques

Statistiques générales
  • Ce quiz a Ă©tĂ© pris 33 fois
  • Le rĂ©sultat moyen est 59 sur 150
Statistiques - réponses
Mots % Correct
Ă 
96%
Alice,
96%
l'
96%
'La
89%
la
89%
lĂ ,
89%
le
85%
ce
81%
d'
78%
Il
78%
il
78%
et
70%
les
70%
Bernard
67%
Brigitte,
67%
de
67%
elle
67%
Elle
67%
ou
67%
qu'
67%
en
63%
En ...
63%
par
63%
pas.
63%
sa
63%
avec
59%
ne
59%
on
59%
pour
59%
que
59%
se
59%
au
56%
quand
56%
ses
56%
son
56%
Son
56%
une
56%
avait
52%
fille,
52%
lui
52%
qui
52%
belle-
48%
des
48%
jour-
48%
tout
48%
Comme
44%
comme
44%
dans
44%
mère,
44%
aux
41%
petite
41%
Plus
41%
enfants'
30%
"enfants
30%
toujours
30%
toujours,
30%
soit
26%
épouse,
22%
pied
22%
venait
22%
besoin
19%
dernière
19%
dernière.
19%
monts
19%
mots
19%
vaux,
19%
ait
15%
bouche
15%
sort
15%
vérité
15%
encore
11%
levé,
11%
lorsque
11%
minute
11%
pensant
11%
demanda,
7%
garder".
7%
perdre
7%
voyait
7%
aisance
0%
autruche,
0%
brillé
0%
casseroles,
0%
contenter
0%
contraintes
0%
convives.
0%
déconcertante.
0%
dégotait
0%
dérober,
0%
différents
0%
échapper
0%
engagements
0%
enseignante
0%
entourage
0%
évitement.
0%
excuse
0%
familiales.
0%
"funérailles"
0%
immanquablement
0%
jonglait
0%
lesquelles
0%
"maladie",
0%
mentionnait
0%
multitude
0%
obligations
0%
parentales
0%
parvenait
0%
plats
0%
prendre
0%
préparait,
0%
priorités
0%
professionnelle
0%
satisfaire
0%
soin
0%
soudainement
0%
suffisait
0%
technique
0%
Aucun quiz correspondant
Distribution des résultats
% des personnes avec chaque résultat
Percentile par nombre de réponses
Votre historique - résultats
Vous n’avez pas pris ce quiz